00922cam a22002174a 45000010009000000050017000090080041000260100017000670200028000840500020001122450176001322500012003082600034003203000040003545040054003946000078004486500046005266500046005726500060006187000026006781375324520170203154225.0041018s2005 nyua bc 000 0deng  a 2004115282 a0976204304 (alk. paper)00aND717 .A43 200504aThe ambassador John L. Loeb Jr. Danish art collection /cforeword by John L. Loeb Jr. ; introduction by Suzanne Ludvigsen ; contributors, Elisabeth Fabritius ... [et al.]. a1st ed. aNew York :bJ.L. Loeb,c2005. axxxi, 426 p. :bcol. ill. ;c31 cm. aIncludes bibliographical references (p. 424-425).10aLoeb, John L.,cJr.q(John Langeloth),d1930-xArt collectionsvCatalogs. 0aPainting, Danishy19th centuryvCatalogs. 0aPainting, Danishy20th centuryvCatalogs. 0aPaintingxPrivate collectionszUnited StatesvCatalogs.1 aFabritius, Elisabeth.